00654mam a2200193ua 4500008004100000020002200041050001500063100002500078245009500103260009400198300002000292440004000312504004100352650002000393650002000413003000100433005001700434040000900451  a1868082660 (pbk.) 4aHT1521 LEE1 aLee, Margaret Carol.14aThe historical development of and challenge to white world hegemony /cby Margaret C. Lee. aBellville :bCentre for Southern African Studies, University of the Western Cape,c[1995] a21 p. ;c30 cm. aSouthern African perspectives ;v47 aIncludes bibliographical references. 0aRace relations. 0aCaucasian race.20230120153122.0 cNUST